Sports Quiz

Random Sports or Baseball Quiz

MLB Top Batting Averages 2011 Quiz Stats

 Plays Quiz not verified by Sporcle

Score 0/100 Timer 13:00
0 Plays Today
Team Player % Correct
DETMiguel Cabrera
97.6%
BOSAdrian Gonzalez
97.6%
KCMelky Cabrera
97.6%
COLCarlos Gonzalez
97.6%
CLEAsdrubal Cabrera
97.6%
LADMatt Kemp
96.4%
CINJoey Votto
96.4%
MILRyan Braun
95.2%
BOSJacoby Ellsbury
95.2%
TEXMichael Young
94%
NYMJose Reyes
94%
BOSDustin Pedroia
94%
DET/MINDelmon Young
94%
HOU/PHIHunter Pence
91.7%
CHCAramis Ramirez
90.5%
NYYRobinson Cano
90.5%
CHWPaul Konerko
90.5%
NYM/SFGCarlos Beltran
90.5%
STLAlbert Pujols
90.5%
CHWAlexei Ramirez
90.5%
BOSDavid Ortiz
89.3%
MILPrince Fielder
89.3%
TORJose Bautista
88.1%
CINBrandon Phillips
88.1%
STLMatt Holliday
88.1%
DETVictor Martinez
86.9%
CHCStarlin Castro
86.9%
COLTroy Tulowitzki
86.9%
NYYDerek Jeter
86.9%
TEXJosh Hamilton
85.7%
ARIJustin Upton
84.5%
STLLance Berkman
83.3%
TEXAdrian Beltre
82.1%
TBBen Zobrist
82.1%
Team Player % Correct
LADAndre Ethier
81%
STLYadier Molina
79.8%
KCAlex Gordon
77.4%
KCBilly Butler
77.4%
BALAdam Jones
77.4%
HOUCarlos Lee
77.4%
ATLChipper Jones
77.4%
TEXNelson Cruz
76.2%
BOSKevin Youkilis
75%
BALNick Markakis
73.8%
MILCorey Hart
72.6%
LAAHoward Kendrick
70.2%
MILRickie Weeks
70.2%
NYYCurtis Granderson
70.2%
PHIJimmy Rollins
69%
DETAlex Avila
67.9%
LAATorii Hunter
67.9%
FLAMike Stanton
67.9%
NYYBrett Gardner
67.9%
NYYNick Swisher
66.7%
CINJay Bruce
66.7%
WSHMichael Morse
65.5%
PHIShane Victorino
65.5%
SEAIchiro Suzuki
65.5%
HOUMichael Bourn
64.3%
PITAndrew McCutchen
64.3%
TEXElvis Andrus
63.1%
ATLBrian McCann
63.1%
PHIPlacido Polanco
61.9%
BALMatt Wieters
59.5%
MINMichael Cuddyer
58.3%
LADJames Loney
57.1%
DETJhonny Peralta
56%
FLAGaby Sanchez
54.8%
Team Player % Correct
MILJ.J. Hardy
53.6%
KCEric Hosmer
52.4%
ATLFreddie Freeman
51.2%
LAAErick Aybar
51.2%
BALVladimir Guerrero
50%
KCJeff Francoeur
48.8%
COLSeth Smith
48.8%
ATLMartin Prado
48.8%
TORYunel Escobar
47.6%
ARIMiguel Montero
47.6%
STLJon Jay
46.4%
TBJohnny Damon
45.2%
TBMatt Joyce
44%
CHWJuan Pierre
42.9%
PITNeil Walker
41.7%
TEXMitch Moreland
41.7%
SDCameron Maybin
40.5%
NYMAngel Pagan
39.3%
CHCKosuke Fukudome
38.1%
OAKCoco Crisp
36.9%
CHCDarwin Barney
35.7%
FLAEmilio Bonifacio
34.5%
FLAOmar Infante
34.5%
TOREdwin Encarnacion
31%
LAAPeter Bourjos
31%
COLDexter Fowler
27.4%
LAAAlberto Callaspo
23.8%
TOR/LADJuan Rivera
20.2%
TBCasey Kotchmann
16.7%
OAKCliff Pennington
16.7%
BALRobert Andino
16.7%
LADJamey Carroll
13.1%

You're not logged in!

Compare scores with friends on all Sporcle quizzes.
OR
Log In

Show Comments

Extras

Top Quizzes Today


Score Distribution

Your Account Isn't Verified!

In order to create a playlist on Sporcle, you need to verify the email address you used during registration. Go to your Sporcle Settings to finish the process.

Report this User

Report this user for behavior that violates our Community Guidelines.

Details: